Kleidung#2 - Statistiken

Allgemein
  • Dieses Quiz wurde 196 mal gespielt
  • Das Durchschnittsergebnis liegt bei 10 aus 15
Antwortstatistiken
Bildquiz Antwort % Korrekt
Rock
99%
Oberhemd
96%
Sandalen
96%
Krawatte
95%
BH
92%
Sonnenbrille
78%
Anorak
72%
Fliege
67%
High Heels
59%
Neoprenanzug
59%
Sportschuh
57%
Badehose
42%
Strohhut
42%
Sombrero
28%
Sweatshirt
19%
Keine übereinstimmenden Quizze gefunden
Verteilung der Resultate
Anzahl Personen mit jedem Resultat
Perzentil nach korrekt beantworteten Fragen
Ihre Resultats-Entwicklung
Sie haben dieses Quiz noch nicht gespielt